| 000 | 00546nam a2200205 a 4500 | ||
|---|---|---|---|
| 001 | BRCA_7354 | ||
| 005 | 20190320205815.0 | ||
| 008 | 230213s1893----mx-ae#####---#000-0#spa-# | ||
| 041 | _aspa | ||
| 044 | _amx | ||
| 050 | 4 |
_aF1386 _b.B38 1893 |
|
| 100 | 1 |
_aBatres, Leopoldo _918176 |
|
| 245 | 1 | 0 |
_aCartilla histórica de la ciudad de México _cLeopoldo Batres. |
| 260 |
_aMéxico _bGallegos Hnos. _c1893 |
||
| 300 |
_aviii, 38 p. _bil., planos |
||
| 500 | _aQ19 | ||
| 651 | 4 |
_aMéxico (Ciudad) _xHistoria _95378 |
|
| 902 | _aGFM | ||
| 942 |
_2lcc _cB |
||
| 999 |
_c7030 _d7030 |
||